000 00571nam a2200205Ia 4500
003 OSt
005 20260209094027.0
008 210210b1957 xxu||||| |||| 00| 0 eng d
040 _cAL
041 _aKannada
082 _a852/443
100 _aRANGANATHA DIVAKARA
_dರಂಗನಾಥ ದಿವಾಕರ
_9254043
245 _aMahatmara manoranga
_bಮಹಾತ್ಮಾ ಮನೋರಂಗ
260 _aHubbaLLi
_b-
_c1957
650 _amanOranga
_9254044
650 _aMahAtmara
_9254045
690 _aKannada Prose
_9254046
906 _a019009
942 _2ddc
_cBK
999 _c143060
_d143060